| 000 | 00483nam a2200181 4500 | ||
|---|---|---|---|
| 001 | VA49934 | ||
| 003 | ES-SlBCS | ||
| 005 | 20210601160411.0 | ||
| 008 | 140520s2002 xxu||||| |||| 00| 0 spa d | ||
| 020 | _a84-8440-265-7 | ||
| 041 | _aspa | ||
| 100 | 1 |
_aPrieto Ramiro, Rafael _929668 |
|
| 245 | 1 | 0 |
_a¡Pero si todos somos uno! Cuaresma y Pascua _cRafael Prieto Ramiro |
| 260 |
_aMadrid : _bCaritas _c, 2002 |
||
| 300 |
_a291 p.; _c22 cm |
||
| 650 | 0 | 4 |
_aCuaresma _9126228 |
| 942 | _cBK | ||
| 999 |
_c829038 _d829038 |
||